Normal view
MARC view
- Brig Sarfraz Ali
Entry Personal Name
001 - CONTROL NUMBER
- control field: 51275
003 - CONTROL NUMBER IDENTIFIER
- control field: NUST
005 - DATE AND TIME OF LATEST TRANSACTION
- control field: 20210314134937.0
008 - FIXED-LENGTH DATA ELEMENTS
- fixed length control field: 210314|| aca||aabn | a|a d
040 ## - CATALOGING SOURCE
- Original cataloging agency: NUST
- Transcribing agency: NUST
100 ## - HEADING--PERSONAL NAME
- Personal name: Brig Sarfraz Ali
670 ## - SOURCE DATA FOUND
- Source citation: Work cat.: (NUST): Muhammad Waseem ul Hussnain 51273, Geotechnical distress evaluation and remediation of gulzar mahal bahawalpur , 2017.
